| 000 | 00463nam a2200181Ia 4500 | ||
|---|---|---|---|
| 001 | 3430 | ||
| 005 | 20260306145643.0 | ||
| 008 | 260306t2013||||xx |||||||||||||| ||spa|| | ||
| 041 | _aESP | ||
| 082 |
_a276.8 _bH66 |
||
| 100 |
_aHofmann, Peter _eAUT |
||
| 245 | 0 |
_aTaufberufung und weltverantwortung: _b50 jahre zweites vatikanisches konsil |
|
| 260 | _c2013 | ||
| 300 |
_a264 páginas : _c23 cm. |
||
| 650 | _aGEN | ||
| 654 | _aCHU | ||
| 942 |
_cLIB _dJUS _fJUS _2ddc _n |
||
| 999 |
_c3430 _d3430 |
||